LIBRARY & INFORMATION CENTRE, KCAET, TAVANUR

ONLINE PUBLIC ACCESS CATALOGUE (OPAC)

Bioseparation engineering (Record no. 13649)

MARC details
000 -LEADER
fixed length control field 00336nam a22001337a 4500
020 ## - INTERNATIONAL STANDARD BOOK NUMBER
ISBN 9789380026084
082 ## - DEWEY DECIMAL CLASSIFICATION NUMBER
Classification number 660.98
Item number AJA/BI
100 ## - MAIN ENTRY--AUTHOR NAME
Personal name Ajay Kumar
245 ## - TITLE STATEMENT
Title Bioseparation engineering
260 ## - PUBLICATION, DISTRIBUTION, ETC. (IMPRINT)
Place of publication New Delhi
Name of publisher I.K International Publishing House Pvt. Ltd.
Year of publication 2009
300 ## - PHYSICAL DESCRIPTION
Number of Pages 210
700 ## - ADDED ENTRY--PERSONAL NAME
Personal name Awasthi, Abhishek
942 ## - ADDED ENTRY ELEMENTS (KOHA)
Koha item type Books
Holdings
Withdrawn status Lost status Damaged status Collection code Home library Current library Shelving location Date acquired Source of acquisition Cost, normal purchase price Full call number Accession Number Koha item type
      Non-fiction KAUAET KAUAET General Stacks 31/03/2012 Cosmo Books, Calicut 225.00 660.98 AJA/BI 22297 Books
free website counter